[Event "HUN-chT2 Breyer 2223"]
[Site "Hungary"]
[Date "2022.12.18"]
[Round "5.8"]
[White "Horvath, Csaba1"]
[Black "Ferencz, Istvan"]
[Result "1/2-1/2"]
[WhiteElo "1752"]
[BlackElo "2019"]
[PlyCount "48"]
[EventDate "2022.10.16"]
[EventType "team-tourn"]
[EventRounds "11"]
[EventCountry "HUN"]
[SourceTitle "EXT 2025"]
[Source "ChessBase"]
[SourceDate "2024.10.14"]
[SourceVersion "1"]
[SourceVersionDate "2024.10.14"]
[SourceQuality "1"]
[WhiteTeam "Zsambek"]
[BlackTeam "Esztergom"]
[WhiteTeamCountry "HUN"]
[BlackTeamCountry "HUN"]

1. d4 Nf6 2. c4 e6 3. Nf3 b6 4. Nc3 Bb7 5. Bg5 Be7 6. g3 0-0 7. Bg2 d5 8. cxd5 Nxd5 9. Bxe7 Qxe7 10. 0-0 Nd7 11. Re1 c5 12. Nxd5 exd5 13. Rc1 Rfd8 14. Qd3 Rac8 15. e3 g6 16. Bh3 f6 17. Nd2 c4 18. Qc2 f5 19. Bg2 b5 20. Qd1 h5 21. Nb1 b4 22. Nd2 Bc6 23. h3 Qe6 24. Nxc4 dxc4 1/2-1/2

[Event "HUN-chT2 Breyer 2122"]
[Site "Hungary"]
[Date "2022.01.30"]
[Round "5.5"]
[White "Gombocz, Zsolt"]
[Black "Ferencz, Istvan"]
[Result "1/2-1/2"]
[WhiteElo "2079"]
[BlackElo "2013"]
[PlyCount "48"]
[EventDate "2021.10.10"]
[EventType "team-tourn"]
[EventRounds "9"]
[EventCountry "HUN"]
[SourceTitle "EXT 2025"]
[Source "ChessBase"]
[SourceDate "2024.10.14"]
[SourceVersion "1"]
[SourceVersionDate "2024.10.14"]
[SourceQuality "1"]
[WhiteTeam "Varosgazda Akademia"]
[BlackTeam "Esztergom"]
[WhiteTeamCountry "HUN"]
[BlackTeamCountry "HUN"]

1. d4 d5 2. Nf3 e6 3. c4 Be7 4. Nc3 Nf6 5. a3 a5 6. e3 0-0 7. Bd3 c5 8. 0-0 Nc6 9. dxc5 dxc4 10. Bxc4 Qxd1 11. Rxd1 Bxc5 12. b3 Bd7 13. Bb2 Rad8 14. h3 Bc8 15. Na4 Be7 16. Rac1 Rxd1+ 17. Rxd1 Rd8 18. Rxd8+ Bxd8 19. Bb5 Na7 20. Bd3 Nc6 21. Nd4 Bd7 22. Nc5 Nxd4 23. Bxd4 Bc6 24. f3 Be7 1/2-1/2

[Event "Komarom Esztergom County-chT"]
[Site "Hungary"]
[Date "2013.03.17"]
[Round "8.4"]
[White "Ferencz, Istvan"]
[Black "Malomsoki, Laszlo"]
[Result "1-0"]
[WhiteElo "2016"]
[BlackElo "1706"]
[PlyCount "91"]
[EventDate "2012.09.29"]
[EventType "team-tourn"]
[EventRounds "10"]
[EventCountry "HUN"]
[SourceTitle "EXT 2014"]
[Source "ChessBase"]
[SourceDate "2013.11.20"]
[SourceVersion "1"]
[SourceVersionDate "2013.11.20"]
[SourceQuality "1"]
[WhiteTeam "Tata Naszaly"]
[BlackTeam "Kisber Aszar"]
[WhiteTeamCountry "HUN"]
[BlackTeamCountry "HUN"]

1. Nf3 d5 2. c4 d4 3. Qc2 c5 4. e4 Nc6 5. a3 e5 6. d3 f5 7. exf5 Bxf5 8. Bg5 Nf6 9. Nbd2 Be7 10. Be2 0-0 11. 0-0 Qc7 12. Ne4 Nxe4 13. Bxe7 Qxe7 14. dxe4 Bg4 15. Ne1 Be6 16. Rd1 Rf6 17. Rd3 Raf8 18. Rg3 Rf4 19. Nd3 Rh4 20. b3 b6 21. Rb1 Qf6 22. Qd2 Bd7 23. Rf3 Qe7 24. Rxf8+ Kxf8 25. Bf3 Rh6 26. g3 Rf6 27. Bg2 Na5 28. f4 exf4 29. e5 Rh6 30. Qxf4+ Qf7 31. Qg5 Qe7 32. Rf1+ Ke8 33. Qf4 g5 34. Qe4 Bc6 35. Qf5 Bd7 36. Qf2 Nxb3 37. Bd5 Na5 38. Qf3 Be6 39. Bxe6 Rxe6 40. Qa8+ Kd7 41. Rf8 Rc6 42. e6+ Kxe6 43. Re8 Rc7 44. Qd5+ Kf6 45. Rxe7 Rxe7 46. g4 1-0

[Event "Komarom Esztergom County-chT"]
[Site "Hungary"]
[Date "2012.11.11"]
[Round "3.5"]
[White "Ferencz, Istvan"]
[Black "Kovacs, Milan"]
[Result "1-0"]
[WhiteElo "2016"]
[BlackElo "1762"]
[PlyCount "71"]
[EventDate "2012.09.29"]
[EventType "team-tourn"]
[EventRounds "10"]
[EventCountry "HUN"]
[SourceTitle "EXT 2014"]
[Source "ChessBase"]
[SourceDate "2013.11.20"]
[SourceVersion "1"]
[SourceVersionDate "2013.11.20"]
[SourceQuality "1"]
[WhiteTeam "Tata Naszaly"]
[BlackTeam "Kisber Aszar"]
[WhiteTeamCountry "HUN"]
[BlackTeamCountry "HUN"]

1. c4 Nf6 2. g3 e6 3. Bg2 d5 4. d4 c5 5. cxd5 exd5 6. Bg5 c4 7. Bxf6 gxf6 8. Nc3 Be6 9. Nf3 Nc6 10. 0-0 f5 11. Qd2 Bg7 12. Rfd1 a6 13. a4 Na5 14. Qf4 Nb3 15. Rab1 0-0 16. Nh4 Qd7 17. Bh3 Rad8 18. Bxf5 Bf6 19. Bxh7+ Kg7 20. Bc2 Bxh4 21. Qxh4 f5 22. Bxb3 cxb3 23. Rd3 Qc7 24. Rc1 Rg8 25. Na2 Qb6 26. Qe7+ Kg6 27. Rxb3 Qxb3 28. Qxe6+ Kg5 29. h4+ Kg4 30. Kg2 Rdf8 31. Qh6 f4 32. f3+ Kf5 33. g4+ Rxg4+ 34. fxg4+ Kxg4 35. Qg6+ Kxh4 36. Rh1+ 1-0

[Event "Komarom Esztergom County-chT"]
[Site "Hungary"]
[Date "2012.10.14"]
[Round "2.5"]
[White "Bak, Tamas"]
[Black "Ferencz, Istvan"]
[Result "0-1"]
[WhiteElo "1865"]
[BlackElo "2016"]
[PlyCount "82"]
[EventDate "2012.09.29"]
[EventType "team-tourn"]
[EventRounds "10"]
[EventCountry "HUN"]
[SourceTitle "EXT 2014"]
[Source "ChessBase"]
[SourceDate "2013.11.20"]
[SourceVersion "1"]
[SourceVersionDate "2013.11.20"]
[SourceQuality "1"]
[WhiteTeam "Koernyei SE"]
[BlackTeam "Tata Naszaly"]
[WhiteTeamCountry "HUN"]
[BlackTeamCountry "HUN"]

1. e4 c6 2. d4 d5 3. exd5 cxd5 4. Nf3 a6 5. Nc3 Bg4 6. Be2 Nc6 7. Be3 e6 8. a3 Bd6 9. Nd2 Bf5 10. Bg4 Bg6 11. Nf3 Qc7 12. Qe2 Nf6 13. Bh3 Na5 14. Ne5 Ne4 15. Nxe4 Bxe4 16. Rc1 Bxe5 17. dxe5 Qxe5 18. Bc5 Rc8 19. Bb4 Qxb2 20. 0-0 Nc4 21. f3 a5 22. fxe4 axb4 23. axb4 Qd4+ 24. Kh1 Qxe4 25. Qf2 0-0 26. Rce1 Qg6 27. c3 Nd6 28. Qb6 Rc6 29. Qe3 Ne4 30. b5 Rxc3 31. Qb6 Rc2 32. Qd4 Rfc8 33. b6 Qg5 34. Qa4 Qh4 35. Rxe4 Qxe4 36. Qd7 f5 37. Qxb7 Rc1 38. Qa6 Rxf1+ 39. Qxf1 Qe3 40. b7 Rb8 41. Qa1 Qb6 0-1

[Event "HUN-chT2 Breyer 1112"]
[Site "Hungary"]
[Date "2012.05.20"]
[Round "11.9"]
[White "Adam, Gyorgy"]
[Black "Ferencz, Istvan"]
[Result "1-0"]
[WhiteElo "2072"]
[BlackElo "2052"]
[PlyCount "132"]
[EventDate "2011.09.25"]
[EventType "team-tourn"]
[EventRounds "11"]
[EventCountry "HUN"]
[SourceTitle "EXT 2013"]
[Source "ChessBase"]
[SourceDate "2012.11.22"]
[SourceVersion "1"]
[SourceVersionDate "2012.11.22"]
[SourceQuality "1"]
[WhiteTeam "BEAC II"]
[BlackTeam "Geniusz Tata"]
[WhiteTeamCountry "HUN"]
[BlackTeamCountry "HUN"]

1. e4 c6 2. d4 d5 3. Nd2 dxe4 4. Nxe4 Bf5 5. Ng3 Bg6 6. Nf3 Nd7 7. Bd3 Bxd3 8. Qxd3 Ngf6 9. 0-0 e6 10. Re1 Be7 11. a4 0-0 12. Ne4 c5 13. dxc5 Nxc5 14. Qxd8 Rfxd8 15. Nxc5 Bxc5 16. Bg5 Be7 17. Red1 Rxd1+ 18. Rxd1 Rd8 19. Rxd8+ Bxd8 20. Kf1 Kf8 21. Ke2 Ke8 22. Be3 a6 23. Bd4 h5 24. Kd3 g6 25. c4 Nd7 26. b4 Bc7 27. h3 f6 28. Nd2 Kf7 29. Ne4 e5 30. Be3 f5 31. Nc5 Nxc5+ 32. Bxc5 g5 33. f3 g4 34. hxg4 hxg4 35. fxg4 fxg4 36. b5 Ke6 37. Ke4 axb5 38. cxb5 b6 39. Be3 Kf6 40. Kd5 Ke7 41. Kc6 Kd8 42. Bg5+ Kc8 43. Kd5 Kd7 44. Bf6 e4 45. Bd4 Ke7 46. Be3 Kd7 47. Kxe4 Ke6 48. Bg5 Bg3 49. Bd8 Bf2 50. Bc7 g3 51. Be5 Kd7 52. Kd5 Be1 53. Bd4 Bf2 54. Bc3 Bg1 55. Bd2 Bf2 56. Ke4 Kd6 57. Bb4+ Ke6 58. Bf8 Bg1 59. Ba3 Bf2 60. Bb4 Bg1 61. Bd2 Bf2 62. Bf4 Be1 63. Bb8 Bf2 64. Bc7 Kd7 65. Bf4 Ke6 66. Be3 Kd6 1-0

[Event "HUN-chT2 Breyer 1112"]
[Site "Hungary"]
[Date "2012.03.11"]
[Round "7.10"]
[White "Ferencz, Istvan"]
[Black "Feher, Attila"]
[Result "0-1"]
[WhiteElo "2042"]
[BlackElo "2127"]
[PlyCount "64"]
[EventDate "2011.09.25"]
[EventType "team-tourn"]
[EventRounds "11"]
[EventCountry "HUN"]
[SourceTitle "EXT 2013"]
[Source "ChessBase"]
[SourceDate "2012.11.22"]
[SourceVersion "1"]
[SourceVersionDate "2012.11.22"]
[SourceQuality "1"]
[WhiteTeam "Geniusz Tata"]
[BlackTeam "Husi"]
[WhiteTeamCountry "HUN"]
[BlackTeamCountry "HUN"]

1. c4 e5 2. Nc3 Nc6 3. g3 g6 4. Bg2 Bg7 5. d3 Nge7 6. Bg5 h6 7. Bd2 0-0 8. Qc1 Kh7 9. h4 d6 10. Nh3 Nd4 11. 0-0 c6 12. e3 Nf3+ 13. Bxf3 Bxh3 14. Re1 d5 15. Ne2 Qd7 16. Bb4 Rfe8 17. e4 Be6 18. Qc2 Bf6 19. Rad1 d4 20. Bg2 Rg8 21. f3 b6 22. Kf2 c5 23. Bd2 a6 24. Rh1 h5 25. Qc1 Bg7 26. Rdg1 f5 27. f4 Raf8 28. Ke1 fxe4 29. dxe4 Bg4 30. fxe5 Bxe2 31. Kxe2 d3+ 32. Ke1 Qg4 0-1

[Event "HUN-chT2 Breyer 1112"]
[Site "Hungary"]
[Date "2012.02.19"]
[Round "6.9"]
[White "Ferencz, Istvan"]
[Black "Kovacs, Milan"]
[Result "1-0"]
[WhiteElo "2042"]
[BlackElo "2037"]
[PlyCount "67"]
[EventDate "2011.09.25"]
[EventType "team-tourn"]
[EventRounds "11"]
[EventCountry "HUN"]
[SourceTitle "EXT 2013"]
[Source "ChessBase"]
[SourceDate "2012.11.22"]
[SourceVersion "1"]
[SourceVersionDate "2012.11.22"]
[SourceQuality "1"]
[WhiteTeam "Geniusz Tata"]
[BlackTeam "Kisber Aszar"]
[WhiteTeamCountry "HUN"]
[BlackTeamCountry "HUN"]

1. Nf3 Nf6 2. c4 c5 3. g3 d6 4. Bg2 Nc6 5. Nc3 e6 6. 0-0 g6 7. d4 cxd4 8. Nxd4 Nxd4 9. Qxd4 Bg7 10. Rd1 0-0 11. Qxd6 Qxd6 12. Rxd6 a6 13. Be3 Ng4 14. Bd4 e5 15. Bc5 Re8 16. Rb6 Nf6 17. Bxb7 Bxb7 18. Rxb7 Rac8 19. Na4 Ne4 20. b4 Nxc5 21. Nxc5 Bf8 22. Ne4 Kg7 23. c5 Rb8 24. Rxb8 Rxb8 25. a3 f5 26. Nc3 a5 27. Nd5 Kf7 28. Rd1 Ke6 29. Nc7+ Kf6 30. Na6 Ra8 31. b5 Rc8 32. b6 Rxc5 33. Nxc5 Bxc5 34. b7 1-0

[Event "HUN-chT2 Breyer 1112"]
[Site "Hungary"]
[Date "2011.10.30"]
[Round "2.8"]
[White "Draga, Balazs"]
[Black "Ferencz, Istvan"]
[Result "1/2-1/2"]
[WhiteElo "1905"]
[BlackElo "2052"]
[PlyCount "49"]
[EventDate "2011.09.25"]
[EventType "team-tourn"]
[EventRounds "11"]
[EventCountry "HUN"]
[SourceTitle "EXT 2013"]
[Source "ChessBase"]
[SourceDate "2012.11.22"]
[SourceVersion "1"]
[SourceVersionDate "2012.11.22"]
[SourceQuality "1"]
[WhiteTeam "Zoltek"]
[BlackTeam "Geniusz Tata"]
[WhiteTeamCountry "HUN"]
[BlackTeamCountry "HUN"]

1. c4 c5 2. Nc3 Nc6 3. g3 g6 4. Bg2 Bg7 5. Nf3 d6 6. 0-0 Bg4 7. a3 Qd7 8. Rb1 h5 9. h4 Bh3 10. d3 Nh6 11. Bd2 Bxg2 12. Kxg2 Nd4 13. b4 Nxf3 14. exf3 0-0 15. Re1 Nf5 16. Ne2 b6 17. Qc2 Rfc8 18. Bc3 e5 19. b5 Bf6 20. Bd2 Bxh4 21. gxh4 Nxh4+ 22. Kg3 Nxf3 23. Kxf3 Qg4+ 24. Ke3 Qg5+ 25. Kf3 1/2-1/2

[Event "HUN-chT2 Breyer 1112"]
[Site "Hungary"]
[Date "2011.09.25"]
[Round "1.8"]
[White "Ferencz, Istvan"]
[Black "Hajdu, Roland"]
[Result "0-1"]
[WhiteElo "2052"]
[BlackElo "1858"]
[PlyCount "40"]
[EventDate "2011.09.25"]
[EventType "team-tourn"]
[EventRounds "11"]
[EventCountry "HUN"]
[SourceTitle "EXT 2013"]
[Source "ChessBase"]
[SourceDate "2012.11.22"]
[SourceVersion "1"]
[SourceVersionDate "2012.11.22"]
[SourceQuality "1"]
[WhiteTeam "Geniusz Tata"]
[BlackTeam "Torokbalint"]
[WhiteTeamCountry "HUN"]
[BlackTeamCountry "HUN"]

1. Nf3 d5 2. d4 Nf6 3. Bf4 e6 4. e3 Bd6 5. Bg5 0-0 6. Ne5 c5 7. c3 Nbd7 8. f4 Qb6 9. Qb3 Qxb3 10. axb3 Ne4 11. Bh4 cxd4 12. exd4 f6 13. Nd3 g5 14. fxg5 fxg5 15. Bf2 Nxf2 16. Nxf2 e5 17. dxe5 Nxe5 18. Nd2 Bc5 19. Nd3 Rxf1+ 20. Nxf1 Nxd3+ 0-1

[Event "HUN-chT2 Breyer 1011"]
[Site "Hungary"]
[Date "2011.04.10"]
[Round "8.7"]
[White "Horvath, Laszlo1"]
[Black "Ferencz, Istvan"]
[Result "1/2-1/2"]
[WhiteElo "2066"]
[BlackElo "2052"]
[PlyCount "61"]
[EventDate "2010.09.12"]
[EventType "team-tourn"]
[EventRounds "11"]
[EventCountry "HUN"]
[SourceTitle "EXT 2012"]
[Source "ChessBase"]
[SourceDate "2011.11.24"]
[SourceVersion "1"]
[SourceVersionDate "2011.11.24"]
[SourceQuality "1"]
[WhiteTeam "Gyor Komszomol"]
[BlackTeam "Geniusz Tata"]
[WhiteTeamCountry "HUN"]
[BlackTeamCountry "HUN"]

1. e4 c6 2. d4 d5 3. exd5 cxd5 4. Bd3 Nf6 5. Bg5 Qb6 6. Nc3 Nbd7 7. Nf3 e6 8. 0-0 a6 9. Na4 Qc7 10. b3 b5 11. Nb2 Ba3 12. Rb1 0-0 13. c4 bxc4 14. bxc4 Rb8 15. Qc2 Bxb2 16. Rxb2 Rxb2 17. Qxb2 dxc4 18. Rc1 Qb7 19. Qxb7 Bxb7 20. Rxc4 Nb6 21. Rc7 Bxf3 22. gxf3 Nfd5 23. Rb7 h6 24. Bd2 Ra8 25. Ba5 Na4 26. Rb3 Nf4 27. Bf1 Rc8 28. Bd2 g5 29. Ra3 Nb6 30. Rc3 Rd8 31. Rc6 1/2-1/2

[Event "HUN-chT2 Breyer 1011"]
[Site "Hungary"]
[Date "2010.11.21"]
[Round "6.8"]
[White "Ferencz, Istvan"]
[Black "D Albini, Geza"]
[Result "1-0"]
[WhiteElo "2052"]
[BlackElo "2080"]
[PlyCount "73"]
[EventDate "2010.09.12"]
[EventType "team-tourn"]
[EventRounds "11"]
[EventCountry "HUN"]
[SourceTitle "EXT 2012"]
[Source "ChessBase"]
[SourceDate "2011.11.24"]
[SourceVersion "1"]
[SourceVersionDate "2011.11.24"]
[SourceQuality "1"]
[WhiteTeam "Geniusz Tata"]
[BlackTeam "Vizugy"]
[WhiteTeamCountry "HUN"]
[BlackTeamCountry "HUN"]

1. Nf3 Nf6 2. c4 c5 3. Nc3 Nc6 4. g3 g6 5. Bg2 Bg7 6. 0-0 0-0 7. Rb1 d5 8. cxd5 Nxd5 9. Nxd5 Qxd5 10. b3 e5 11. d3 h6 12. Bb2 Qd6 13. Nd2 Nd4 14. Rc1 f5 15. Ba3 Ne6 16. Nc4 Qd7 17. Qd2 Rb8 18. Na5 e4 19. Bb2 Bxb2 20. Qxb2 b6 21. Nc4 exd3 22. Rfd1 Bb7 23. Rxd3 Qc7 24. Rd6 Rbe8 25. Qe5 Ng7 26. Qf4 g5 27. Qd2 Bxg2 28. Kxg2 Rd8 29. Rd1 Rxd6 30. Qxd6 Qxd6 31. Rxd6 h5 32. Rd7 Rf7 33. Rxf7 Kxf7 34. Nd6+ Ke6 35. Nc8 Kd5 36. Nxa7 c4 37. Kf1 1-0

[Event "HUN-chT2 Breyer 1011"]
[Site "Hungary"]
[Date "2010.11.07"]
[Round "5.7"]
[White "Ferencz, Istvan"]
[Black "Vagvolgyi, Istvan"]
[Result "0-1"]
[WhiteElo "2052"]
[BlackElo "1979"]
[PlyCount "104"]
[EventDate "2010.09.12"]
[EventType "team-tourn"]
[EventRounds "11"]
[EventCountry "HUN"]
[SourceTitle "EXT 2012"]
[Source "ChessBase"]
[SourceDate "2011.11.24"]
[SourceVersion "1"]
[SourceVersionDate "2011.11.24"]
[SourceQuality "1"]
[WhiteTeam "Geniusz Tata"]
[BlackTeam "Zoltek"]
[WhiteTeamCountry "HUN"]
[BlackTeamCountry "HUN"]

1. Nf3 d5 2. g3 Nf6 3. Bg2 e6 4. 0-0 Be7 5. b3 0-0 6. Bb2 c5 7. d3 Nc6 8. Nbd2 Qc7 9. Re1 b6 10. e4 d4 11. a4 e5 12. h3 h6 13. Nh2 Be6 14. Ndf1 Nh7 15. g4 Bg5 16. Bc1 Bxc1 17. Rxc1 Ne7 18. Ng3 Ng6 19. Nf5 Nf4 20. Qf3 g6 21. Nh4 Qd7 22. Qg3 Ng5 23. N4f3 Nxf3+ 24. Bxf3 b5 25. axb5 Qxb5 26. Qh4 Kg7 27. Kh1 a5 28. Rg1 a4 29. bxa4 Qxa4 30. Nf1 Rac8 31. Ng3 g5 32. Nf5+ Bxf5 33. gxf5 f6 34. Bh5 c4 35. Qg4 cxd3 36. cxd3 Nxd3 37. Rcf1 Qc2 38. f3 Nf2+ 39. Rxf2 Qxf2 40. Rg2 Rc1+ 41. Kh2 Qe3 42. Be8 Qf4+ 43. Qxf4 exf4 44. Bb5 Rfc8 45. Bd3 R1c3 46. Rd2 Kf7 47. Kg2 Ra8 48. Bb5 Ke7 49. h4 Rb8 50. Be2 d3 51. Bxd3 Rd8 52. hxg5 hxg5 0-1

[Event "Zalakaros op 29th"]
[Site "Zalakaros"]
[Date "2010.06.03"]
[Round "9"]
[White "Ferencz, Istvan"]
[Black "Marton, Jozsef"]
[Result "1-0"]
[WhiteElo "2072"]
[BlackElo "2154"]
[PlyCount "89"]
[EventDate "2010.05.26"]
[EventType "swiss"]
[EventRounds "9"]
[EventCountry "HUN"]
[SourceTitle "CBM 136 Extra"]
[Source "ChessBase"]
[SourceDate "2010.07.02"]
[SourceVersion "2"]
[SourceVersionDate "2010.07.15"]
[SourceQuality "1"]

1. d4 d5 2. Nf3 e6 3. e3 Nf6 4. Bd3 c5 5. c3 Nc6 6. 0-0 Be7 7. Nbd2 0-0 8. b3 Qc7 9. Bb2 e5 10. dxe5 Nxe5 11. Nxe5 Qxe5 12. Nf3 Qc7 13. c4 dxc4 14. Bxc4 Bg4 15. Be2 a6 16. Qc2 b5 17. Rac1 Rac8 18. Rfd1 Rfd8 19. Rxd8+ Rxd8 20. Bxf6 Bxf6 21. Qxc5 Qa5 22. h3 Be6 23. Qc2 g6 24. Rd1 Rc8 25. Qb1 Rc3 26. Nd4 Bxd4 27. exd4 Qc7 28. Qe4 Rc2 29. d5 Bf5 30. Qe8+ Kg7 31. d6 Qd7 32. Qe5+ f6 33. Qe3 Rxa2 34. Bf3 Rc2 35. Qd4 Be6 36. Re1 Rc8 37. Bg4 Bxg4 38. Re7+ Kg8 39. hxg4 Qc6 40. Qxf6 Qc1+ 41. Kh2 Qh6+ 42. Kg3 Rf8 43. Qe6+ Kh8 44. Qe5+ Kg8 45. g5 1-0

[Event "Zalakaros op 29th"]
[Site "Zalakaros"]
[Date "2010.05.30"]
[Round "5"]
[White "Ferencz, Istvan"]
[Black "Kovacs, Lajos M"]
[Result "0-1"]
[WhiteElo "2072"]
[BlackElo "2197"]
[PlyCount "106"]
[EventDate "2010.05.26"]
[EventType "swiss"]
[EventRounds "9"]
[EventCountry "HUN"]
[SourceTitle "CBM 136 Extra"]
[Source "ChessBase"]
[SourceDate "2010.07.02"]
[SourceVersion "2"]
[SourceVersionDate "2010.07.15"]
[SourceQuality "1"]

1. d4 d5 2. e3 Nf6 3. Be2 e6 4. Nf3 c5 5. 0-0 Nc6 6. b3 Bd6 7. Bb2 cxd4 8. exd4 0-0 9. Nbd2 Bd7 10. a3 a5 11. Bd3 Ne7 12. Ne5 Bc6 13. Re1 Ng6 14. g3 Qc7 15. f4 Ne7 16. Qe2 Nd7 17. Ndf3 h6 18. Nh4 Rae8 19. Qg2 Qb6 20. Qh3 f5 21. Nxc6 Nxc6 22. Nf3 Nf6 23. Kh1 Ne4 24. Qg2 Rd8 25. Re2 Qc7 26. Nd2 Nb8 27. Nxe4 fxe4 28. Bb5 Nd7 29. Rc1 Nf6 30. Qh3 Qe7 31. a4 Kh7 32. c4 g6 33. Rcc2 Nh5 34. Bc1 Ng7 35. Rf2 Nf5 36. c5 Bc7 37. Bb2 Kg7 38. Rce2 Rf7 39. Bc3 h5 40. Qg2 Nh6 41. h4 Rdf8 42. Bd2 Qf6 43. Bc3 Kh7 44. Rf1 Ng4 45. Kg1 Qe7 46. Ree1 e5 47. fxe5 Bxe5 48. Rxf7+ Rxf7 49. Re2 Rf3 50. Be1 Bxd4+ 51. Kh1 Ne3 52. Qh3 Rf1+ 53. Kh2 Ng4+ 0-1

[Event "HUN-chT2 Breyer 0910"]
[Site "Hungary"]
[Date "2010.05.02"]
[Round "11"]
[White "Bagi, Mate"]
[Black "Ferencz, Istvan"]
[Result "1-0"]
[WhiteElo "1969"]
[BlackElo "2072"]
[PlyCount "125"]
[EventDate "2009.11.08"]
[EventType "team-tourn"]
[EventRounds "11"]
[EventCountry "HUN"]
[SourceTitle "EXT 2011"]
[Source "ChessBase"]
[SourceDate "2010.11.26"]
[SourceVersion "1"]
[SourceVersionDate "2010.11.26"]
[SourceQuality "1"]
[WhiteTeam "Geniusz Tata"]
[BlackTeam "Zoltek"]
[WhiteTeamCountry "HUN"]
[BlackTeamCountry "HUN"]

1. e4 c5 2. Nf3 Nc6 3. d4 cxd4 4. Nxd4 Nf6 5. Nc3 e5 6. Ndb5 d6 7. Bg5 a6 8. Na3 b5 9. Nd5 Be7 10. Bxf6 Bxf6 11. c4 Bg5 12. cxb5 Ne7 13. bxa6 0-0 14. Nxe7+ Qxe7 15. Bd3 d5 16. 0-0 dxe4 17. Bxe4 Rxa6 18. Re1 Rh6 19. Nc4 Rd8 20. Qf3 g6 21. Rad1 Rd4 22. b3 Rh4 23. Rxd4 exd4 24. g3 Rh6 25. Qd1 Qd7 26. Bg2 Bf6 27. Nb6 Qd8 28. Qc1 Be6 29. Nd5 Rh5 30. Nf4 Re5 31. Rxe5 Bxe5 32. Nxe6 fxe6 33. Be4 Kf7 34. Kg2 d3 35. Qd2 Qb6 36. Qxd3 Bd4 37. Qc2 Bc5 38. h4 e5 39. Qc4+ Kg7 40. Qc3 Bd4 41. Qd2 Bc5 42. Qd7+ Kf8 43. Bd5 Be7 44. Qc8+ Bd8 45. a4 Qd6 46. Qb7 Qc7 47. Qb5 Qb6 48. Qe2 Bf6 49. Qf3 Ke7 50. Qg4 Qd6 51. Qe4 Qc5 52. Bg8 Qd4 53. Qb7+ Qd7 54. Qxd7+ Kxd7 55. Bxh7 g5 56. h5 Ke6 57. Kf3 Bd8 58. Ke4 Bb6 59. f3 Ba5 60. Bg8+ Kf6 61. g4 Bb4 62. Kd5 Ba5 63. Bh7 1-0

[Event "HUN-chT2 Breyer 0910"]
[Site "Hungary"]
[Date "2010.04.18"]
[Round "10"]
[White "Rummel, Zsolt"]
[Black "Ferencz, Istvan"]
[Result "0-1"]
[WhiteElo "2166"]
[BlackElo "2072"]
[PlyCount "66"]
[EventDate "2009.11.08"]
[EventType "team-tourn"]
[EventRounds "11"]
[EventCountry "HUN"]
[SourceTitle "EXT 2011"]
[Source "ChessBase"]
[SourceDate "2010.11.26"]
[SourceVersion "1"]
[SourceVersionDate "2010.11.26"]
[SourceQuality "1"]
[WhiteTeam "Zsambek"]
[BlackTeam "Zoltek"]
[WhiteTeamCountry "HUN"]
[BlackTeamCountry "HUN"]

1. e4 c5 2. Nf3 Nc6 3. Nc3 g6 4. d4 cxd4 5. Nxd4 Bg7 6. Be3 d6 7. Qd2 Bd7 8. 0-0-0 Qa5 9. Kb1 Nf6 10. f3 0-0 11. h4 Rfe8 12. Bc4 Rac8 13. Bb3 Ne5 14. h5 Nc4 15. Bxc4 Rxc4 16. hxg6 fxg6 17. g4 a6 18. Nb3 Qe5 19. Bd4 Qe6 20. Qh2 h6 21. Nd5 Ba4 22. Nxf6+ exf6 23. g5 hxg5 24. Qh7+ Kf7 25. Rh6 Rg8 26. Rxg6 Kf8 27. e5 Be8 28. exf6 Bxg6 29. Qxg6 Bxf6 30. Qh6+ Kf7 31. Qh5+ Rg6 32. Bxf6 Qxf6 33. Re1 Rh4 0-1

[Event "HUN-chT2 Breyer 0910"]
[Site "Hungary"]
[Date "2010.02.28"]
[Round "7"]
[White "Peredy, Ferenc"]
[Black "Ferencz, Istvan"]
[Result "1-0"]
[WhiteElo "2252"]
[BlackElo "2072"]
[PlyCount "117"]
[EventDate "2009.11.08"]
[EventType "team-tourn"]
[EventRounds "11"]
[EventCountry "HUN"]
[SourceTitle "EXT 2011"]
[Source "ChessBase"]
[SourceDate "2010.11.26"]
[SourceVersion "1"]
[SourceVersionDate "2010.11.26"]
[SourceQuality "1"]
[WhiteTeam "Torokbalint"]
[BlackTeam "Zoltek"]
[WhiteTeamCountry "HUN"]
[BlackTeamCountry "HUN"]

1. d4 Nf6 2. Bg5 d5 3. e3 Bf5 4. Nf3 h6 5. Bh4 Nbd7 6. Be2 e6 7. 0-0 Be7 8. c4 0-0 9. Nc3 c6 10. c5 Ne4 11. Bxe7 Qxe7 12. Rc1 Bh7 13. b4 a6 14. Nxe4 Bxe4 15. Nd2 Bh7 16. a4 f5 17. f4 Nf6 18. Nf3 Nd7 19. Qd2 Bg6 20. b5 axb5 21. axb5 Bh5 22. Rb1 Bxf3 23. Bxf3 Ra7 24. Rb2 Nf6 25. Rfb1 Rc8 26. bxc6 bxc6 27. Rb6 Nd7 28. Rb7 Rc7 29. Rxc7 Rxc7 30. Qa5 Nf6 31. Qa8+ Kf7 32. h3 Qd7 33. Rb6 Rc8 34. Qa4 h5 35. Qa6 Rc7 36. Qa8 Rc8 37. Qa4 Rc7 38. Qd1 g6 39. g4 hxg4 40. hxg4 Ra7 41. g5 Ng8 42. Qb1 Rc7 43. Kf2 Ne7 44. Be2 Qe8 45. Rb8 Rc8 46. Rb7 Qh8 47. Kg3 Qd8 48. Qh1 Qh8 49. Qb1 Qd8 50. Qb4 Qh8 51. Rxe7+ Kxe7 52. Qb7+ Kd8 53. Ba6 Qh1 54. Qxc8+ Ke7 55. Qc7+ Kf8 56. Qd8+ Kg7 57. Qf6+ Kh7 58. Qf7+ Kh8 59. Qf8+ 1-0

[Event "HUN-chT2 Breyer 0910"]
[Site "Hungary"]
[Date "2010.02.14"]
[Round "6"]
[White "Ruip, Janos"]
[Black "Ferencz, Istvan"]
[Result "1/2-1/2"]
[WhiteElo "2035"]
[BlackElo "2072"]
[PlyCount "101"]
[EventDate "2009.11.08"]
[EventType "team-tourn"]
[EventRounds "11"]
[EventCountry "HUN"]
[SourceTitle "EXT 2011"]
[Source "ChessBase"]
[SourceDate "2010.11.26"]
[SourceVersion "1"]
[SourceVersionDate "2010.11.26"]
[SourceQuality "1"]
[WhiteTeam "Biatorbagy"]
[BlackTeam "Zoltek"]
[WhiteTeamCountry "HUN"]
[BlackTeamCountry "HUN"]

1. e4 c5 2. Nc3 Nc6 3. g3 g6 4. Bg2 Bg7 5. d3 d6 6. Nge2 Bg4 7. h3 Bd7 8. 0-0 Nf6 9. f4 0-0 10. g4 e5 11. f5 Ne8 12. Nd5 f6 13. Ng3 g5 14. c3 Rf7 15. Be3 b6 16. Nh5 h6 17. h4 Ne7 18. hxg5 Nxd5 19. exd5 hxg5 20. Qd2 Bb5 21. Be4 Rc8 22. c4 Bd7 23. Rf3 Rc7 24. Rh3 Bc8 25. Qh2 Bh8 26. Kf2 Rh7 27. Rh1 Qe7 28. Ke2 a5 29. Kd2 Ba6 30. Bxg5 Qd7 31. Be3 Qa4 32. Ra1 b5 33. b3 Qb4+ 34. Ke2 bxc4 35. dxc4 Bxc4+ 36. Kf3 Ba6 37. Rh1 Qb7 38. g5 fxg5 39. Bxg5 Rcf7 40. f6 Kf8 41. Bxh7 Rxh7 42. Ng7 Qxd5+ 43. Kf2 Nxf6 44. Rxh7 Ng4+ 45. Kg3 Nxh2 46. Ne6+ Qxe6 47. Rxh8+ Kg7 48. R1xh2 Qg6 49. R8h7+ Qxh7 50. Rxh7+ Kxh7 51. Be7 1/2-1/2